MARC details
| 000 -CABECERA |
| campo de control de longitud fija |
01173nam a2200229 a 4500 |
| 001 - NÚMERO DE CONTROL |
| campo de control |
000044689 |
| 005 - FECHA Y HORA DE LA ÚLTIMA TRANSACCIÓN |
| campo de control |
20201002045543.0 |
| 008 - DATOS DE LONGITUD FIJA--INFORMACIÓN GENERAL |
| campo de control de longitud fija |
090715s2014 dr 000 0 spa d |
| 040 ## - FUENTE DE LA CATALOGACIÓN |
| Centro catalogador/agencia de origen |
DO-SdBNP |
| Lengua de catalogación |
spa |
| Centro/agencia transcriptor |
BNPHU |
| 082 ## - NÚMERO DE LA CLASIFICACIÓN DECIMAL DEWEY |
| Número de clasificación |
344.01 |
| Número de documento/Ítem |
R426c, 1962 |
| 110 1# - ENTRADA PRINCIPAL--NOMBRE DE ENTIDAD CORPORATIVA |
| Nombre de entidad corporativa o nombre de jurisdicción como elemento de entrada |
República Dominicana |
| 9 (RLIN) |
447 |
| 240 10 - TÍTULO UNIFORME |
| Título uniforme |
[Código de trabajo] |
| 245 10 - MENCIÓN DE TÍTULO |
| Título |
Código de trabajo de la Repúbliica Dominicana : |
| Resto del título |
ley 16-92 y DEC 258-93 (corregido, actualizado, adecuado, modificado y revisado con la constitución 2010, dec. 56-10 y sus modificaciones y las leyes 247-12, 5-13, 42-00, 494-06, 496-06, 86-99, 49-00, 97-97, 204-97, 25-98, 142-98, 103-99) / |
| Mención de responsabilidad, etc. |
compilador Carlos García. |
| 260 ## - PUBLICACIÓN, DISTRIBUCIÓN, ETC. |
| Lugar de publicación, distribución, etc. |
Santo Domingo : |
| Nombre del editor, distribuidor, etc. |
Dalis, |
| Fecha de publicación, distribución, etc. |
2014. |
| 300 ## - DESCRIPCIÓN FÍSICA |
| Extensión |
168 p. : ; |
| Dimensiones |
22 cm. |
| 500 ## - NOTA GENERAL |
| Nota general |
Tabla de concordancia, índice temático, tabla de resoluciones del Ministerio de Trabajo, resoluciones de la Suprema Corte de Justicia. |
| 650 #4 - PUNTO DE ACCESO ADICIONAL DE MATERIA--TÉRMINO DE MATERIA |
| Término de materia o nombre geográfico como elemento de entrada |
Derecho laboral |
| Subdivisión general |
Legislación |
| Subdivisión geográfica |
República Dominicana |
| 9 (RLIN) |
7806 |
| 650 #4 - PUNTO DE ACCESO ADICIONAL DE MATERIA--TÉRMINO DE MATERIA |
| Término de materia o nombre geográfico como elemento de entrada |
Legislación laboral |
| Subdivisión geográfica |
República Dominicana |
| 9 (RLIN) |
11733 |
| 650 #4 - PUNTO DE ACCESO ADICIONAL DE MATERIA--TÉRMINO DE MATERIA |
| Término de materia o nombre geográfico como elemento de entrada |
Leyes |
| Subdivisión general |
República dominicana |
| 9 (RLIN) |
10364 |
| 651 #4 - PUNTO DE ACCESO ADICIONAL DE MATERIA--NOMBRE GEOGRÁFICO |
| Nombre geográfico |
República Dominicana |
| Subdivisión general |
Ley 16-92 |
| 9 (RLIN) |
52585 |
| 700 12 - PUNTO DE ACCESO ADICIONAL--NOMBRE DE PERSONA |
| Nombre de persona |
García, Carlos |
| 9 (RLIN) |
67425 |